000 00730nam a2200205 a 4500
001 000010315
005 20240412074217.0
008 091006s1993 dr a r 001 p spa d
040 _aDO-SdBNP
_bspa
_cBNPHU
082 _aRD861. 44
_bE82v
100 1 _aEstrella Rodríguez, Victor A.,
_d1942-
_925331
245 1 0 _aVersos del alba /
_cVictor A. Estrella Rodríguez.
260 _aSantiago de los Caballeros, República Dominicana :
_bImpresos Central,
_c1993.
300 _a47 p. :
_bil. ;
_c21 cm.
500 _aIncluye datos biográficos del autor en la página 49.
590 _aInventariado, 2018/BT
650 0 _aPoesía dominicana
_966
650 0 _aLiteratura dominicana.
_967
910 _aValidado. Control de calidad. MFF
999 _c10074
_d10074